000 00928nam a22003011 4500
001 22734
003 CZ PrNK
005 20260421162930.0
007 ta
008 990120s1981 xo af 000 | slo
020 _q(Váz.) :
_cKčs 18,00
040 _aABA001
_bcze
_cABA001
_dABA001
041 1 _aslo
_hrus
044 _axo
_aru
080 _a52(023)=854
_2undef
100 1 _aMaksimačev, Boris Aleksejevič,
_d1923-2010
_4aut
245 1 0 _aV labyrinte hviezd /
_cB. Maksimačev, V. Komarov ; [preložil Juraj Šebesta]
250 _a1. vyd.
260 _aBratislava :
_bObzor ;
_aMoskva :
_bMir,
_c1981
300 _a191 s. :
_bil. ;
_c21 cm +
_e3 vol. příl.
490 1 _aPeriskop
500 _aPřeloženo z ruštiny
700 1 _aKomarov, Viktor Nojevič,
_d1924-2001
_4aut
765 0 _tV zvezdnych labirintach (Orientirovanije po nebu)
830 0 _aPeriskop (Obzor)
910 _aABA001
942 _2ddc
_cKLDO
_n0
999 _c22734
_d22734